000 00663nam a2200253Ia 4500
003 OSt
005 20221007104628.0
006 a|||||r|||| 00| 0
007 ta
008 221006b |||||||| |||| 00| 0 eng d
024 _a16,407
037 _cTextual
040 _aLCO
_cLCO
_beng
041 _2eng
_aeng
082 _aZ73,6, L7
100 _aGraveson R.H.
245 0 _aComparative Conflicts of Law
260 _aAmsterdam
_bNorth-Hollond Publishing Company Britain
_c1977
300 _a379
490 _vVol - 1
650 _aCONFLICT OF LAWS
_9691085
942 _hZ73,6, L7
_cTEXL
999 _c1185970
_d1185970